Kulturchronik/ (Record no. 4497)

MARC details
000 -LEADER
campo de control de longitud fija 01134nam a2200193 4500
003 - IDENTIFICADOR DE NÚMERO DE CONTROL
campo de control OSt
005 - FECHA Y HORA DE LA ÚLTIMA TRANSACCIÓN
campo de control 20231101090427.0
008 - DATOS DE LONGITUD FIJA--INFORMACIÓN GENERAL
campo de control de longitud fija 231101b |||||||| |||| 00| 0 eng d
040 ## - FUENTE DE CATALOGACIÓN
Centro/agencia transcriptor Lado V
082 ## - NÚMERO DE LA CLASIFICACIÓN DECIMAL DEWEY
Número de clasificación 700
Número de ítem G599k
110 ## - ENTRADA PRINCIPAL--NOMBRE DE ENTIDAD CORPORATIVA
9 (RLIN) 831
Nombre de entidad corporativa o nombre de jurisdicción como elemento de entrada Goethe-Institut
Término indicativo de función/relación autor
245 ## - MENCIÓN DEL TÍTULO
Título Kulturchronik/
260 ## - PUBLICACIÓN, DISTRIBUCIÓN, ETC.
Lugar de publicación, distribución, etc. Alemania
Nombre del editor, distribuidor, etc. VG Bild-Kunst
Fecha de publicación, distribución, etc. 2003
300 ## - DESCRIPCIÓN FÍSICA
Extensión 55p.
Dimensiones 15 x 21 cm
490 ## - MENCIÓN DE SERIE
Mención de serie 2
Designación de volumen o secuencia 21
Número Internacional Normalizado para Publicaciones Seriadas 0934-1684
505 ## - NOTA DE CONTENIDO CON FORMATO
Título Retrato: Manfred Kock, Obispo Superior de la iglesia Protestante de Alemania
-- Artes Plásticas Lo que amamos perecerá Picasso y la vieja Europa
-- Literatura Jurek Becker: una vida sin niñez
-- Temas de la época: Como funcionan los imperios
-- Música: El compositor Gyorgy Ligeti: un encuentro
-- Fotografia: El diccionario de los fotografos Hans-Michael Koetzle: Desde 1900 hasta hoy
-- Cine: Crear situaciones de hecho
-- Arquitectura y diseño: En busca del ámbito sagrado
-- Educación y Ciencia: Los chinos ávidos de aprender
-- Portada: Diseño: Klaus Winterhager
650 ## - PUNTO DE ACCESO ADICIONAL DE MATERIA--TÉRMINO DE MATERIA
Subdivisión general Premios - Costa Rica
-- arte - premios
-- museos - premios
-- Catálogo de exhibición
9 (RLIN) 7143
942 ## - ELEMENTOS DE ENTRADA SECUNDARIOS (KOHA)
Fuente del sistema de clasificación o colocación Clasificación Decimal Dewey
Tipo de ítem Koha Libros
Parte de la signatura que corresponde a la clasificación (Parte de la clasificación) 700
Parte de la signatura que identifica el ejemplar (Parte del ítem) G599k
Suprimir en OPAC No
Holdings
Estatus retirado Estado de pérdida Fuente del sistema de clasificación o colocación Especificación de materiales (volumen encuadernado u otra parte) Estado de daño No para préstamo Colección Biblioteca de origen Biblioteca actual Fecha de adquisición Número de inventario Total de préstamos Signatura topográfica completa Código de barras Visto por última vez Precio de reemplazo Tipo de ítem Koha
    Clasificación Decimal Dewey 2003     Revistas Biblioteca LadoV Biblioteca LadoV 01/11/2023 005202   700 G599k 005202 01/11/2023 01/11/2023 Libros